| 000 | 00729cam a2200229 a 4500 | ||
|---|---|---|---|
| 001 | 000006196 | ||
| 005 | 20200929151953.0 | ||
| 008 | 940617s1993 ck 000 p spa | ||
| 020 | _a9586121526 | ||
| 040 |
_aDO-SdBNP _cDLC |
||
| 082 |
_aC861.44 _bG633t |
||
| 100 | 1 |
_aGómez Campillo, Francisco Javier, _d1968- _917350 |
|
| 245 | 1 | 3 |
_aLa tiniebla luminosa / _cFrancisco Javier Gómez Campillo. |
| 260 |
_aSantafé de Bogotá : _bColcultura, _c1993. |
||
| 300 |
_a62 p. ; _c21 cm. |
||
| 490 | 1 | _aPoesía Joven | |
| 586 | _aPremios nacionales de poesía joven 1993. | ||
| 650 | 4 |
_aPoesía colombiana _93742 |
|
| 650 | 4 |
_aLiteratura colombiana _91244 |
|
| 830 | 0 |
_aPoesía Joven _917351 |
|
| 910 | _aCatalogación por copia / LC | ||
| 999 |
_c5991 _d5991 |
||